000 003250000a22001450004500
020 _a84-01-37541-X
041 0 _aSPA
082 0 4 _aG 863 A432p
100 1 _aAllende, Isabel (1942-)
245 1 0 _aPaula / Isabel Allende
260 _aBarcelona, España : Plaza y Janés
300 _a366 Pag
001 11021
942 _cBK
999 _c40394
_d40394